000 01509nam a2200241 a 4500
008 120416s1971 ||||||||||||||||| || u
020 _a0435756060
050 _aT 353 May
100 _aMayock, F. B
245 1 0 _aTechnical drawing
246 _aomnibus, one-four
250 _aTeacher's
260 _aLondon
_bELBS/Heinemann
_c1971
300 _a113p. : ill
350 _a0.00
995 _aTEXTBOOKS (MIN.ENG.)
_D0.00
_e03167
_FCBU-SCHOOL TEXTBOOK COLLECTIONS
_H1
_I0.00
_jSCHOOL TEXTBOOK
_M2
_UAVAILABLE
_WAug 11, 2009
_y03167
_ZSchool Collections
995 _aTEXTBOOKS (MIN.ENG.)
_D0.00
_e5166
_FCBU-SCHOOL TEXTBOOK COLLECTIONS
_H1
_I0.00
_jSCHOOL TEXTBOOK
_M3
_UAVAILABLE
_WAug 24, 2009
_y5166
_ZSchool Collections
995 _aTEXTBOOKS (MIN.ENG.)
_D0.00
_e5169
_FCBU-SCHOOL TEXTBOOK COLLECTIONS
_H1
_I0.00
_jSCHOOL TEXTBOOK
_M6
_UAVAILABLE
_WAug 24, 2009
_y5169
_ZSchool Collections
995 _aTEXTBOOKS (MIN.ENG.)
_D0.00
_e5168
_FCBU-SCHOOL TEXTBOOK COLLECTIONS
_H1
_I0.00
_jSCHOOL TEXTBOOK
_M5
_UAVAILABLE
_WAug 24, 2009
_y5168
_ZSchool Collections
995 _aTEXTBOOKS (MIN.ENG.)
_D0.00
_e5170
_FCBU-SCHOOL TEXTBOOK COLLECTIONS
_H1
_I0.00
_jSCHOOL TEXTBOOK
_M7
_UAVAILABLE
_WAug 24, 2009
_y5170
_ZSchool Collections
995 _aBINDERY (DAMAGED)
_D0.00
_e713829
_FCBU-MAIN LIBRARY (Kitwe)
_H1
_I2.00
_jT 353 May
_M1
_UDAMAGED
_y013272
_ZMain Library Open Access Collection
995 _aTEXTBOOKS (MIN.ENG.)
_D0.00
_e5167
_FCBU-SCHOOL TEXTBOOK COLLECTIONS
_H1
_I0.00
_jSCHOOL TEXTBOOK
_M4
_UAVAILABLE
_WAug 24, 2009
_y5167
_ZSchool Collections
999 _c80956
_d80956